Statistics for Actor by Band

Click here to take the quiz!

General Stats

  • This quiz has been taken 26 times
  • The average score is 5 of 12

Answer Stats

HintAnswer% Correct
Tenacious DJack Black
83%
30 Seconds to MarsJared Leto
71%
The Bacon BrothersKevin Bacon
58%
Childish GambinoDonald Glover
54%
Hollywood VampiresJohnny Depp
50%
DogstarKeanu Reeves
46%
Dead Man's BonesRyan Gosling
29%
The Aubreys / CalpurniaFinn Wolfhard
21%
Post AnimalJoe Keery
17%
Mister Heavenly / The Long GoodbyeMichael Cera
17%
Aleka's AtticRiver Phoenix
17%
Roman Antix / 30 Odd Feet of GruntsRussell Crowe
17%

Score Distribution

Percentile by Number Answered

Percent of People with Each Score

Your Score History

You have not taken this quiz